<?xml version="1.0" encoding="UTF-8"?>
<record
    xmlns:xsi="http://www.w3.org/2001/XMLSchema-instance"
    xsi:schemaLocation="http://www.loc.gov/MARC21/slim http://www.loc.gov/standards/marcxml/schema/MARC21slim.xsd"
    xmlns="http://www.loc.gov/MARC21/slim">

  <leader>03529nam a2200541Ia 4500</leader>
  <controlfield tag="001">1111</controlfield>
  <controlfield tag="008">241029s9999    xx            000 0 und d</controlfield>
  <datafield tag="010" ind1=" " ind2=" ">
    <subfield code="a">1022</subfield>
  </datafield>
  <datafield tag="041" ind1=" " ind2=" ">
    <subfield code="a">Espa&#xF1;ol</subfield>
  </datafield>
  <datafield tag="082" ind1=" " ind2=" ">
    <subfield code="a">MAED 2000-24</subfield>
  </datafield>
  <datafield tag="245" ind1=" " ind2="0">
    <subfield code="a">An&#xE1;lisis de los factores que inciden en el nivel de participaci&#xF3;n de los padres y madres en el Programa de Mantenimiento Escolar en las Escuelas P&#xFA;blicas B&#xE1;sicas del Distrito Educativo 06-06, del municipio de Moca.</subfield>
  </datafield>
  <datafield tag="260" ind1=" " ind2=" ">
    <subfield code="a">Espaillat</subfield>
  </datafield>
  <datafield tag="300" ind1=" " ind2=" ">
    <subfield code="a">94</subfield>
  </datafield>
  <datafield tag="520" ind1=" " ind2=" ">
    <subfield code="a">36</subfield>
  </datafield>
  <datafield tag="630" ind1=" " ind2=" ">
    <subfield code="a">Asociaciones de Padres</subfield>
  </datafield>
  <datafield tag="630" ind1=" " ind2=" ">
    <subfield code="a">Comunidad Educativa</subfield>
  </datafield>
  <datafield tag="630" ind1=" " ind2=" ">
    <subfield code="a">Docentes</subfield>
  </datafield>
  <datafield tag="650" ind1=" " ind2=" ">
    <subfield code="a">Administraci&#xF3;n de la Educaci&#xF3;n</subfield>
  </datafield>
  <datafield tag="690" ind1=" " ind2=" ">
    <subfield code="a">Sintetizado</subfield>
  </datafield>
  <datafield tag="700" ind1=" " ind2=" ">
    <subfield code="e">asesor</subfield>
    <subfield code="a">No, Aplica</subfield>
  </datafield>
  <datafield tag="700" ind1=" " ind2=" ">
    <subfield code="e">autor</subfield>
    <subfield code="a">Gonz&#xE1;lez Camacho, Silverio</subfield>
  </datafield>
  <datafield tag="901" ind1=" " ind2=" ">
    <subfield code="a">{"1":"Gonz&#xE1;lez Camacho"}</subfield>
    <subfield code="b">{"1":"Silverio"}</subfield>
  </datafield>
  <datafield tag="902" ind1=" " ind2=" ">
    <subfield code="a">1</subfield>
  </datafield>
  <datafield tag="903" ind1=" " ind2=" ">
    <subfield code="a">{"1":"No"}</subfield>
    <subfield code="b">{"1":"Aplica"}</subfield>
  </datafield>
  <datafield tag="904" ind1=" " ind2=" ">
    <subfield code="a">Maestr&#xED;a en</subfield>
  </datafield>
  <datafield tag="905" ind1=" " ind2=" ">
    <subfield code="a">Administraci&#xF3;n de la Educaci&#xF3;n</subfield>
  </datafield>
  <datafield tag="906" ind1=" " ind2=" ">
    <subfield code="a">2</subfield>
  </datafield>
  <datafield tag="907" ind1=" " ind2=" ">
    <subfield code="a">NO APLICA</subfield>
  </datafield>
  <datafield tag="908" ind1=" " ind2=" ">
    <subfield code="a">NO APLICA</subfield>
  </datafield>
  <datafield tag="909" ind1=" " ind2=" ">
    <subfield code="a">Pontificia Universidad Cat&#xF3;lica Madre y Maestra (PUCMM), Recinto Santiago</subfield>
  </datafield>
  <datafield tag="910" ind1=" " ind2=" ">
    <subfield code="a">NULL</subfield>
    <subfield code="b">NULL</subfield>
  </datafield>
  <datafield tag="911" ind1=" " ind2=" ">
    <subfield code="a">["1"]</subfield>
  </datafield>
  <datafield tag="912" ind1=" " ind2=" ">
    <subfield code="a">NO APLICA</subfield>
  </datafield>
  <datafield tag="913" ind1=" " ind2=" ">
    <subfield code="a">NULL</subfield>
  </datafield>
  <datafield tag="914" ind1=" " ind2=" ">
    <subfield code="a">10 de Enero de 2000</subfield>
  </datafield>
  <datafield tag="915" ind1=" " ind2=" ">
    <subfield code="a">05/11/19 04:11</subfield>
  </datafield>
  <datafield tag="916" ind1=" " ind2=" ">
    <subfield code="a">NULL</subfield>
  </datafield>
  <datafield tag="917" ind1=" " ind2=" ">
    <subfield code="a">NULL</subfield>
  </datafield>
  <datafield tag="918" ind1=" " ind2=" ">
    <subfield code="a">NO APLICA</subfield>
  </datafield>
  <datafield tag="919" ind1=" " ind2=" ">
    <subfield code="a">["23","45","70"]</subfield>
  </datafield>
  <datafield tag="520" ind1=" " ind2=" ">
    <subfield code="a">El estudio es de car&#xE1;cter descriptivo. La poblaci&#xF3;n objeto de estudio se ubic&#xF3; en ochenta (80) Escuelas B&#xE1;sicas del sector p&#xFA;blico, esa poblaci&#xF3;n est&#xE1; compuesta por un n&#xFA;mero de asociaciones de padres y madres equivalentes al n&#xFA;mero de escuelas existentes.Los directores de las asociaciones de padres est&#xE1;n formados entre 5 y 11 miembros. La muestra fue de doscientos cuarenta (240) personas de la asociaci&#xF3;n. Se aplic&#xF3; una gu&#xED;a de entrevista, se emple&#xF3; un cuestionario al universo completo de los directores que suman ochenta (80) con el prop&#xF3;sito de que todas las escuelas quedaran incluidas en el estudio. La participaci&#xF3;n de los padres y madres ocurre de manera frecuente y casi siempre en las actividades de la escuela y le dan mediana importancia a los factores que inciden de manera significativa en el mantenimiento escolar. La actitud que ellos tienen es de cierto apoyo, est&#xE1;n de acuerdo con el programa que hay que reforzarlo y mantenerlo como una manera de mejorar el Sistema Educativo y la escuela misma donde estudian sus hijos.Los hallazgos principales son: el criterio que los directores tienen respecto a la participaci&#xF3;n que deben tener los padres y madres en el Programa de Mantenimiento Escolar es muy pobre. Ya que le dan muy poca importancia a la participaci&#xF3;n de los padres y madres por la defensa de la escuela y espec&#xED;ficamente por su mantenimiento. Tambi&#xE9;n los maestros han presentado debilidades significativas en el manejo procedimental para que los padres y madres puedan participar sin ning&#xFA;n tipo de tropiezo en el mantenimiento escolar.En la poblaci&#xF3;n de padres y madres entre sus caracter&#xED;sticas demogr&#xE1;ficas predominan las siguientes: sexo femenino, dirigentes m&#xE1;s o menos j&#xF3;venes, con mayor presencia en la zona rural, con grado acad&#xE9;mico predominantemente t&#xE9;cnico, con un ingreso mensual menor de RD</subfield>
    <subfield code="2">,000, los empleados y agricultores predominan en esta poblaci&#xF3;n, y el tiempo promedio de participaci&#xF3;n asociativa es alrededor de un a&#xF1;o.</subfield>
  </datafield>
  <datafield tag="921" ind1=" " ind2=" ">
    <subfield code="a">11</subfield>
  </datafield>
  <datafield tag="922" ind1=" " ind2=" ">
    <subfield code="a">11</subfield>
  </datafield>
  <datafield tag="923" ind1=" " ind2=" ">
    <subfield code="a">0</subfield>
  </datafield>
  <datafield tag="924" ind1=" " ind2=" ">
    <subfield code="a">NO APLICA</subfield>
  </datafield>
  <datafield tag="942" ind1=" " ind2=" ">
    <subfield code="c">Tesis</subfield>
  </datafield>
  <datafield tag="999" ind1=" " ind2=" ">
    <subfield code="c">1022</subfield>
    <subfield code="d">1022</subfield>
  </datafield>
</record>
